|
|
|
|
| LEADER |
00000nam0a2200000 4500 |
| 001 |
28186 |
| 005 |
20231030202715.0 |
| 010 |
|
|
|a 5230121076
|
| 035 |
|
|
|a (RuTPU)RU\TPU\book\28442
|
| 035 |
|
|
|a BOOK00000167
|
| 090 |
|
|
|a 28186
|
| 100 |
|
|
|a 20011209d1992 u y0rusy50 ca
|
| 101 |
0 |
|
|a rus
|
| 102 |
|
|
|a RU
|
| 105 |
|
|
|a a f 000|y
|
| 200 |
1 |
|
|a Методы анализа систем радиоавтоматики
|e учебное пособие
|f Г. Г. Брызгалова, С. Н. Замуруев
|
| 210 |
|
|
|a Москва
|c Изд-во МИРЭА
|d 1992
|
| 215 |
|
|
|a 71 с.
|c ил.
|
| 610 |
1 |
|
|a радиоавтоматика
|
| 610 |
1 |
|
|a радиотехнические системы
|
| 610 |
1 |
|
|a математические исследования
|
| 675 |
|
|
|a 621.396.6-52(075.8)
|v 3
|
| 700 |
|
1 |
|a Брызгалова
|g Галина Григорьевна
|
| 701 |
|
1 |
|a Замуруев
|g Сергей Николаевич
|
| 801 |
|
0 |
|a RU
|b 63413507
|c 20011209
|g PSBO
|
| 942 |
|
|
|c BK
|